[Event "BCF-chT3 0304 (4NCL)"]
[Site "West Bromwich"]
[Date "2003.11.23"]
[Round "2.7"]
[White "Humphreys, Jerry"]
[Black "Payne, Oliver"]
[Result "1-0"]
[WhiteElo "2073"]
[BlackElo "2033"]
[PlyCount "149"]
[EventDate "2003.11.23"]
[EventType "team"]
[EventRounds "11"]
[EventCountry "ENG"]
[SourceTitle "EXT 2005"]
[Source "ChessBase"]
[SourceDate "2004.11.15"]
[SourceVersion "1"]
[SourceVersionDate "2004.11.15"]
[SourceQuality "1"]
[WhiteTeam "Bristol II"]
[BlackTeam "Slough II"]
[WhiteTeamCountry "ENG"]
[BlackTeamCountry "ENG"]

1. e4 e6 2. d4 d5 3. Nd2 Nf6 4. e5 Nfd7 5. Bd3 c5 6. c3 Nc6 7. Ne2 Qb6 8. Nf3 cxd4 9. cxd4 Bb4+ 10. Bd2 Bxd2+ 11. Qxd2 Qb4 12. 0-0 Qxd2 13. Nxd2 Nb6 14. Rac1 Bd7 15. f4 f6 16. a3 Ke7 17. Nb3 Na4 18. Rc2 a6 19. Nc5 Nxc5 20. Rxc5 Rac8 21. b4 a5 22. Rb5 axb4 23. axb4 Rb8 24. Rb6 Kd8 25. f5 fxe5 26. fxe6 Kc7 27. Rb5 Bxe6 28. dxe5 Nxe5 29. Nf4 Bf7 30. Nxd5+ Bxd5 31. Rxd5 Nxd3 32. Rf7+ Kc6 33. Rxd3 Kb5 34. Rdd7 Kxb4 35. Rxb7+ Rxb7 36. Rxb7+ Kc5 37. Rxg7 Kd4 38. Re7 Kd5 39. Kf2 Kd6 40. Re3 Rf8+ 41. Kg3 Rg8+ 42. Kh3 Rg5 43. Re2 Rh5+ 44. Kg3 Rc5 45. Kh4 h5 46. Re8 Kd7 47. Rg8 Ke7 48. Rg5 Rc2 49. Kxh5 Kf6 50. h4 Rc8 51. Rg6+ Kf7 52. Ra6 Rc5+ 53. Kg4 Rc4+ 54. Kh3 Kg7 55. h5 Rc1 56. g4 Rh1+ 57. Kg3 Rg1+ 58. Kh4 Rc1 59. h6+ Kh7 60. Kh5 Rc7 61. g5 Rc5 62. Ra7+ Kg8 63. Re7 Ra5 64. Kg6 Ra6+ 65. Kf5 Ra5+ 66. Kf6 Ra6+ 67. Re6 Ra8 68. g6 Kh8 69. Rd6 Rg8 70. Ke7 Ra8 71. Rd8+ Rxd8 72. Kxd8 Kg8 73. Ke7 Kh8 74. Kf6 Kg8 75. g7 1-0

[Event "BCF-chT3 0304 (4NCL)"]
[Site "West Bromwich"]
[Date "2003.11.22"]
[Round "1.7"]
[White "Payne, Oliver"]
[Black "Gostelow, David W"]
[Result "1/2-1/2"]
[WhiteElo "2033"]
[BlackElo "1976"]
[PlyCount "31"]
[EventDate "2003.11.23"]
[EventType "team"]
[EventRounds "11"]
[EventCountry "ENG"]
[SourceTitle "EXT 2005"]
[Source "ChessBase"]
[SourceDate "2004.11.15"]
[SourceVersion "1"]
[SourceVersionDate "2004.11.15"]
[SourceQuality "1"]
[WhiteTeam "Slough II"]
[BlackTeam "Athenaeum"]
[WhiteTeamCountry "ENG"]
[BlackTeamCountry "ENG"]

1. e4 c5 2. f4 d5 3. e5 Nc6 4. Nf3 Bg4 5. Be2 e6 6. d3 Nge7 7. c3 Nf5 8. 0-0 Be7 9. Na3 Qb6 10. Qb3 Bd8 11. Qxb6 Bxb6 12. h3 Ng3 13. hxg4 Nxe2+ 14. Kf2 Nxc1 15. Raxc1 a6 16. Nc2 1/2-1/2

[Event "BCF-chT4 0203 (4NCL)"]
[Site "Telford"]
[Date "2003.04.12"]
[Round "7.4"]
[White "Calvert, David Ian"]
[Black "Payne, Oliver"]
[Result "1/2-1/2"]
[WhiteElo "2026"]
[BlackElo "2029"]
[PlyCount "123"]
[EventDate "2002.11.??"]
[EventType "team"]
[EventRounds "7"]
[EventCountry "ENG"]
[SourceTitle "EXT 2004"]
[Source "ChessBase"]
[SourceDate "2003.11.25"]
[SourceVersion "1"]
[SourceVersionDate "2003.11.25"]
[SourceQuality "1"]
[WhiteTeam "Metropolitan"]
[BlackTeam "Slough III"]
[WhiteTeamCountry "ENG"]
[BlackTeamCountry "ENG"]

1. b3 d5 2. Bb2 Nf6 3. Nf3 g6 4. g3 Bg7 5. c4 c6 6. Bg2 0-0 7. 0-0 Nbd7 8. d3 Re8 9. cxd5 cxd5 10. Nc3 e5 11. e4 d4 12. Nb5 Nb8 13. a4 a6 14. Na3 Nc6 15. Nc4 Bg4 16. h3 Bxf3 17. Bxf3 Na5 18. Ba3 Nxc4 19. bxc4 Qd7 20. h4 Reb8 21. a5 b5 22. axb6 Rxb6 23. Qc2 h6 24. Rfb1 Rc6 25. Qb3 Rac8 26. Qb7 R8c7 27. Qa8+ Kh7 28. Bc1 Ra7 29. Qb8 Ne8 30. Rb2 Rc8 31. Qb4 Nd6 32. Rba2 Bf8 33. Qa4 Qe6 34. Ba3 Nb7 35. Bxf8 Rxf8 36. Qb4 Rc8 37. Bd1 Nc5 38. Qd2 f5 39. exf5 gxf5 40. Ra5 Rac7 41. Bc2 f4 42. Kh2 Rf8 43. Rg1 fxg3+ 44. fxg3 Rcf7 45. Rg2 Qc6 46. Ra1 Rf3 47. Re1 Nd7 48. Bd1 R3f7 49. Bg4 Qf6 50. Bxd7 Rxd7 51. Qe2 Re7 52. Qe4+ Kg7 53. Rge2 Rfe8 54. Qd5 Qe6 55. Qxe6 Rxe6 56. Kg2 Kf7 57. g4 Rb6 58. Rf1+ Ke6 59. Rf5 Kd6 60. g5 hxg5 61. hxg5 Rb3 62. Ra2 1/2-1/2